[Event "Gibtelecom ChallWk2 7th"]
[Site "Gibraltar"]
[Date "2009.02.03"]
[Round "3.19"]
[White "Salem, Ihab"]
[Black "Badillo Garcia, Aztlan"]
[Result "0-1"]
[WhiteElo "2171"]
[BlackElo "1383"]
[PlyCount "102"]
[EventDate "2009.02.01"]
[EventType "swiss"]
[EventRounds "5"]
[EventCountry "GGB"]
[SourceTitle "BritBase"]
[Source "www.saund.co.uk"]
[SourceDate "2018.02.10"]
[SourceVersion "1"]
[SourceVersionDate "2018.02.10"]
[SourceQuality "1"]

1. e4 d5 2. exd5 Qxd5 3. Nc3 Qa5 4. d4 Nf6 5. Nf3 Bf5 6. Bc4 e6 7. O-O c6 8.
Re1 Bd6 9. d5 cxd5 10. Nxd5 Nxd5 11. Bxd5 Qc7 12. Bxb7 Bxh2+ 13. Nxh2 Qxb7 14.
Qd6 Nc6 15. b3 Qd7 16. Qc5 Bg6 17. Bb2 Rg8 18. Rad1 Qb7 19. Bxg7 Rxg7 20. Ng4
f5 21. Rxe6+ Ne7 22. Nf6+ Kf7 23. Rde1 Kf8 24. Rxe7 Rxe7 25. Nd5 Rae8 26. Qd6
Qxd5 27. Qxd5 Rxe1+ 28. Kh2 R8e7 29. c4 R7e2 30. c5 Rxa2 31. Qd8+ Be8 32. Qd4
Kf7 33. b4 Ra6 34. Qh8 Ke7 35. Qe5+ Re6 36. Qc7+ Kf8 37. Qd8 Rh6+ 38. Kg3 Rg6+
39. Kf3 a6 40. Qc8 Rc6 41. Qd8 Rce6 42. Qc8 Ke7 43. Qc7+ Kf6 44. Qd8+ Re7 45.
Qd4+ Kf7 46. Qh8 Bc6+ 47. Kf4 R1e4+ 48. Kg5 Rg4+ 49. Kh5 Be8 50. Qb2 Kg8+ 51.
Kh6 Re6+ 0-1

[Event "Gibtelecom ChallWk2 7th"]
[Site "Gibraltar"]
[Date "2009.02.03"]
[Round "3.20"]
[White "Pettersen, Joar Gullestad"]
[Black "Dennis, Nigel W"]
[Result "1/2-1/2"]
[WhiteElo "2016"]
[BlackElo "1957"]
[PlyCount "116"]
[EventDate "2009.02.01"]
[EventType "swiss"]
[EventRounds "5"]
[EventCountry "GGB"]
[SourceTitle "BritBase"]
[Source "www.saund.co.uk"]
[SourceDate "2018.02.10"]
[SourceVersion "1"]
[SourceVersionDate "2018.02.10"]
[SourceQuality "1"]

1. d4 Nf6 2. c4 g6 3. Nc3 Bg7 4. e4 d6 5. f3 O-O 6. Bg5 c5 7. d5 Qa5 8. a4 Na6
9. Qd2 Nb4 10. Nge2 e6 11. Nc1 exd5 12. cxd5 a6 13. Ra3 Bd7 14. Be2 Qc7 15. a5
b5 16. axb6 Qxb6 17. O-O Bb5 18. Kh1 Nd7 19. Nb3 Bxe2 20. Qxe2 Rfe8 21. Qd2 a5
22. Rfa1 Ne5 23. Qe2 c4 24. Be3 Qc7 25. Nxa5 Rab8 26. Qd2 Ned3 27. Rb1 Ra8 28.
Rba1 Ra6 29. Nb5 Qd7 30. Nd4 Qc7 31. Nb5 Qd7 32. Nd4 Qc7 33. Qc3 Nxd5 34. Qxc4
Qxc4 35. Nxc4 Rxa3 36. Rxa3 Nxe3 37. Nxe3 Nf2+ 38. Kg1 Bxd4 39. Kxf2 Bxb2 40.
Rd3 Be5 41. Rd2 Bf4 42. g3 Bxe3+ 43. Kxe3 Re6 44. Kd4 Kf8 45. Ra2 Re5 46. f4
Rb5 47. Rc2 Ke7 48. Rc7+ Ke6 49. Rc3 Rb4+ 50. Ke3 h5 51. Kf3 f5 52. exf5+ Kxf5
53. Ra3 Ke6 54. g4 hxg4+ 55. Kxg4 Rb2 56. h3 Rg2+ 57. Kf3 Rg1 58. Kf2 Rh1
1/2-1/2

[Event "Gibtelecom ChallWk2 7th"]
[Site "Gibraltar"]
[Date "2009.02.03"]
[Round "3.21"]
[White "Flanagan, Samuel"]
[Black "Nisbet, Alex Ian"]
[Result "0-1"]
[WhiteElo "1650"]
[BlackElo "1975"]
[PlyCount "66"]
[EventDate "2009.02.01"]
[EventType "swiss"]
[EventRounds "5"]
[EventCountry "GGB"]
[SourceTitle "BritBase"]
[Source "www.saund.co.uk"]
[SourceDate "2018.02.10"]
[SourceVersion "1"]
[SourceVersionDate "2018.02.10"]
[SourceQuality "1"]

1. e4 d5 2. exd5 Nf6 3. Bb5+ Bd7 4. Be2 Nxd5 5. d4 Bf5 6. Nf3 e6 7. c3 Be7 8.
Qb3 Qc8 9. O-O O-O 10. Nbd2 Nd7 11. Nc4 Rd8 12. Ne3 Nf4 13. Re1 Nxe2+ 14. Rxe2
Be4 15. Nd2 Bc6 16. Ndc4 b6 17. Nd2 Nf6 18. Nef1 Bb7 19. Ng3 c5 20. dxc5 Bxc5
21. Ndf1 Qc6 22. Ne3 Bxe3 23. fxe3 Rd3 24. Bd2 Rad8 25. Qc2 h5 26. Rae1 h4 27.
Nf1 Ne4 28. Bc1 Qd5 29. c4 Qf5 30. Nd2 Nxd2 31. Bxd2 h3 32. e4 Bxe4 33. Rxe4
Rxd2 0-1

[Event "Gibtelecom ChallWk2 7th"]
[Site "Gibraltar"]
[Date "2009.02.03"]
[Round "3.22"]
[White "Daoudi, Kamal"]
[Black "Gravett, Alan D"]
[Result "1-0"]
[WhiteElo "2209"]
[BlackElo "1869"]
[PlyCount "89"]
[EventDate "2009.02.01"]
[EventType "swiss"]
[EventRounds "5"]
[EventCountry "GGB"]
[SourceTitle "BritBase"]
[Source "www.saund.co.uk"]
[SourceDate "2018.02.10"]
[SourceVersion "1"]
[SourceVersionDate "2018.02.10"]
[SourceQuality "1"]

1. e4 c5 2. Nf3 Nf6 3. Nc3 d5 4. exd5 Nxd5 5. Bb5+ Bd7 6. Bxd7+ Qxd7 7. O-O Nc6
8. d3 e6 9. Re1 O-O-O 10. Ne2 Bd6 11. a3 h6 12. c4 Nf6 13. Qa4 g5 14. b4 g4 15.
Nd2 Ne5 16. Qxa7 Nxd3 17. Rd1 Bb8 18. Qa8 Nxc1 19. Nxc1 Ne4 20. Ncb3 Qd6 21. g3
Ng5 22. bxc5 Nh3+ 23. Kg2 Qc6+ 24. f3 Rd3 25. Ne4 Rxb3 26. Nd6+ Kc7 27. Qa5+ b6
28. cxb6+ Rxb6 29. Rd3 Kd7 30. Nxf7+ Ke7 31. Nxh8 Rb2+ 32. Kf1 Bc7 33. Qh5 Rf2+
34. Ke1 Rxf3 35. Rxf3 Qe4+ 36. Kd2 gxf3 37. Qc5+ Ke8 38. Re1 Ba5+ 39. Qxa5 Qd4+
40. Kc2 Qxc4+ 41. Qc3 Qa2+ 42. Kc1 f2 43. Qc8+ Ke7 44. Qc7+ Kf6 45. Qf7+ 1-0

[Event "Gibtelecom ChallWk2 7th"]
[Site "Gibraltar"]
[Date "2009.02.03"]
[Round "3.23"]
[White "Beltran Medina, Jorge"]
[Black "Palacios Pena, Gerardo"]
[Result "1-0"]
[WhiteElo "2006"]
[BlackElo "1850"]
[PlyCount "41"]
[EventDate "2009.02.01"]
[EventType "swiss"]
[EventRounds "5"]
[EventCountry "GGB"]
[SourceTitle "BritBase"]
[Source "www.saund.co.uk"]
[SourceDate "2018.02.10"]
[SourceVersion "1"]
[SourceVersionDate "2018.02.10"]
[SourceQuality "1"]

1. d4 Nf6 2. c4 g6 3. Nc3 d6 4. e4 Bg7 5. f3 O-O 6. Be3 Nc6 7. Nge2 e5 8. d5
Ne7 9. Qd2 Re8 10. O-O-O a6 11. g4 b5 12. Ng3 bxc4 13. h4 Nxg4 14. fxg4 Bxg4
15. Be2 Bxe2 16. Qxe2 Qb8 17. h5 Qb5 18. hxg6 fxg6 19. Bh6 Bf6 20. Rdf1 Bg7 21.
Qh2 1-0

[Event "Gibtelecom ChallWk2 7th"]
[Site "Gibraltar"]
[Date "2009.02.03"]
[Round "3.24"]
[White "Ribon Calabia, Mariano"]
[Black "Guerrero Beret, Jesus"]
[Result "0-1"]
[WhiteElo "1864"]
[BlackElo "1964"]
[PlyCount "38"]
[EventDate "2009.02.01"]
[EventType "swiss"]
[EventRounds "5"]
[EventCountry "GGB"]
[SourceTitle "BritBase"]
[Source "www.saund.co.uk"]
[SourceDate "2018.02.10"]
[SourceVersion "1"]
[SourceVersionDate "2018.02.10"]
[SourceQuality "1"]

1. e4 Nf6 2. Nc3 d5 3. e5 d4 4. exf6 dxc3 5. Qf3 cxd2+ 6. Bxd2 exf6 7. O-O-O
Nd7 8. Bb5 c6 9. Ba4 Be7 10. Qg3 g6 11. Nf3 O-O 12. c3 Qa5 13. Bb3 Nc5 14. Bc4
b5 15. Nd4 bxc4 16. Nxc6 Nb3+ 17. axb3 Qa1+ 18. Kc2 Bf5+ 19. Qd3 Bxd3# 0-1

[Event "Gibtelecom ChallWk2 7th"]
[Site "Gibraltar"]
[Date "2009.02.04"]
[Round "4.1"]
[White "Kvisla, Johannes Luangtep"]
[Black "Kozlov, Oleg"]
[Result "1-0"]
[WhiteElo "2208"]
[BlackElo "2187"]
[PlyCount "109"]
[EventDate "2009.02.01"]
[EventType "swiss"]
[EventRounds "5"]
[EventCountry "GGB"]
[SourceTitle "BritBase"]
[Source "www.saund.co.uk"]
[SourceDate "2018.02.10"]
[SourceVersion "1"]
[SourceVersionDate "2018.02.10"]
[SourceQuality "1"]

1. e4 c5 2. Nf3 Nc6 3. Bb5 g6 4. Bxc6 bxc6 5. O-O Bg7 6. Re1 Nh6 7. Nc3 O-O 8.
d3 d6 9. e5 Rb8 10. exd6 exd6 11. Bg5 f6 12. Bf4 g5 13. Bc1 Nf5 14. h3 Nd4 15.
Ne4 h6 16. c3 Nxf3+ 17. Qxf3 f5 18. Ng3 Qc7 19. Nh5 Be5 20. h4 f4 21. hxg5 hxg5
22. d4 cxd4 23. cxd4 Bh8 24. g3 Qf7 25. gxf4 g4 26. Qh1 Bxd4 27. Ng3 c5 28. Qh4
Bf6 29. Qh6 Qg7 30. Qxg7+ Kxg7 31. Nh5+ Kg6 32. Nxf6 Rxf6 33. Re8 Re6 34. Rxe6+
Bxe6 35. b3 Kf5 36. Be3 Bd5 37. Kf1 Bf3 38. Ke1 a5 39. Kd2 a4 40. bxa4 Rb4 41.
Kc3 Rxa4 42. a3 Bc6 43. Kb2 Ra6 44. Rd1 Ba4 45. Rd5+ Ke4 46. Rg5 Kf3 47. f5
Rb6+ 48. Kc1 d5 49. f6 d4 50. Rf5+ Ke2 51. f7 Rb8 52. Bh6 d3 53. f8=Q Rxf8 54.
Rxf8 c4 55. Bd2 1-0

[Event "Gibtelecom ChallWk2 7th"]
[Site "Gibraltar"]
[Date "2009.02.04"]
[Round "4.2"]
[White "Madland, Kristoffer"]
[Black "Getz, Nicolai"]
[Result "0-1"]
[WhiteElo "1992"]
[BlackElo "2190"]
[PlyCount "24"]
[EventDate "2009.02.01"]
[EventType "swiss"]
[EventRounds "5"]
[EventCountry "GGB"]
[SourceTitle "BritBase"]
[Source "www.saund.co.uk"]
[SourceDate "2018.02.10"]
[SourceVersion "1"]
[SourceVersionDate "2018.02.10"]
[SourceQuality "1"]

1. c4 Nf6 2. Nc3 g6 3. g3 e5 4. Bg2 Bg7 5. e4 Nc6 6. Nge2 d6 7. d3 Be6 8. Rb1
h5 9. Bg5 Qd7 10. Nd5 Nh7 11. Be3 Ne7 12. Bh6 Bxh6 0-1

[Event "Gibtelecom ChallWk2 7th"]
[Site "Gibraltar"]
[Date "2009.02.04"]
[Round "4.3"]
[White "Erdelyi, Tamas"]
[Black "Haugstad, Espen"]
[Result "0-1"]
[WhiteElo "2152"]
[BlackElo "2114"]
[PlyCount "80"]
[EventDate "2009.02.01"]
[EventType "swiss"]
[EventRounds "5"]
[EventCountry "GGB"]
[SourceTitle "BritBase"]
[Source "www.saund.co.uk"]
[SourceDate "2018.02.10"]
[SourceVersion "1"]
[SourceVersionDate "2018.02.10"]
[SourceQuality "1"]

1. Nf3 d5 2. d4 Nf6 3. c4 c6 4. Qb3 e6 5. Bg5 Nbd7 6. g3 h6 7. Bxf6 Qxf6 8. Nc3
dxc4 9. Qxc4 e5 10. Bg2 exd4 11. Ne4 Qe7 12. Qxd4 Qb4+ 13. Ned2 Qxd4 14. Nxd4
a6 15. O-O g6 16. Nc4 a5 17. Rad1 Bg7 18. Bh3 Ke7 19. Nb3 a4 20. Nba5 Rd8 21.
Rd2 Nc5 22. Rxd8 Kxd8 23. Bxc8 Rxc8 24. Nb6 Rb8 25. Nac4 Kc7 26. Rb1 Ne4 27. e3
Rd8 28. f3 Nd2 29. Nxd2 Kxb6 30. Nc4+ Ka6 31. f4 b5 32. Ne5 Bxe5 33. fxe5 Re8
34. Rf1 Rxe5 35. Rxf7 Rxe3 36. Rf6 Re2 37. Rxc6+ Ka5 38. a3 Rxb2 39. Rxg6 Rb3
40. Rxh6 Rxa3 0-1

[Event "Gibtelecom ChallWk2 7th"]
[Site "Gibraltar"]
[Date "2009.02.04"]
[Round "4.4"]
[White "Wheldon, Philip"]
[Black "Bates, Caspar J"]
[Result "0-1"]
[WhiteElo "2094"]
[BlackElo "2142"]
[PlyCount "64"]
[EventDate "2009.02.01"]
[EventType "swiss"]
[EventRounds "5"]
[EventCountry "GGB"]
[SourceTitle "BritBase"]
[Source "www.saund.co.uk"]
[SourceDate "2018.02.10"]
[SourceVersion "1"]
[SourceVersionDate "2018.02.10"]
[SourceQuality "1"]

1. e4 e5 2. Nf3 Nc6 3. Bb5 a6 4. Ba4 Nf6 5. O-O Be7 6. Re1 b5 7. Bb3 d6 8. c3
O-O 9. h3 Na5 10. Bc2 c5 11. d4 Qc7 12. Nbd2 cxd4 13. cxd4 Bb7 14. d5 Rac8 15.
Bb1 Ne8 16. Nf1 f5 17. exf5 Nc4 18. g4 h6 19. Ne3 Nf6 20. Nh4 Nxe3 21. fxe3
Nxd5 22. Ng6 Rf7 23. a3 Nb6 24. e4 d5 25. Nxe7+ Rxe7 26. exd5 Bxd5 27. Be3 Rd7
28. Qd2 Nc4 29. Qf2 Ba8 30. f6 Qb7 31. Bf5 Rf8 32. Qg3 Rxf6 0-1

[Event "Gibtelecom ChallWk2 7th"]
[Site "Gibraltar"]
[Date "2009.02.04"]
[Round "4.5"]
[White "Machin Arbelo, Pedro Alexi"]
[Black "Suez-Panama, Gilles"]
[Result "0-1"]
[WhiteElo "2134"]
[BlackElo "2032"]
[PlyCount "92"]
[EventDate "2009.02.01"]
[EventType "swiss"]
[EventRounds "5"]
[EventCountry "GGB"]
[SourceTitle "BritBase"]
[Source "www.saund.co.uk"]
[SourceDate "2018.02.10"]
[SourceVersion "1"]
[SourceVersionDate "2018.02.10"]
[SourceQuality "1"]

1. e4 e6 2. d4 d5 3. Nc3 Nf6 4. exd5 exd5 5. Nf3 Bb4 6. Bd3 O-O 7. O-O Bg4 8.
Bg5 Bxc3 9. bxc3 Nbd7 10. Rb1 b6 11. Bb5 h6 12. Bh4 g5 13. Bg3 Ne4 14. Rb3 Ndf6
15. Be5 a6 16. Be2 b5 17. h4 Nd7 18. hxg5 hxg5 19. Bh2 f6 20. Nd2 Bxe2 21. Qxe2
Nxd2 22. Qxd2 Nb6 23. f4 Nc4 24. Qd3 Kg7 25. fxg5 fxg5 26. Rxf8 Qxf8 27. Bxc7
Qe7 28. Qg3 Re8 29. Rb1 Qe3+ 30. Qxe3 Rxe3 31. Rf1 Kg6 32. Rf8 Rxc3 33. Bd8
Rxc2 34. Rf6+ Kh5 35. Rf5 Rxg2+ 36. Kh1 Rxa2 37. Rxg5+ Kh6 38. Rxd5 b4 39. Rc5
Nd2 40. Bg5+ Kg6 41. Bxd2 Rxd2 42. Rc6+ Kf5 43. Rxa6 b3 44. Kg1 b2 45. Rb6 Rd1+
46. Kf2 b1=Q 0-1

[Event "Gibtelecom ChallWk2 7th"]
[Site "Gibraltar"]
[Date "2009.02.04"]
[Round "4.6"]
[White "Hagen, Anders Gjerdrum"]
[Black "Dasaolu, Adeoye"]
[Result "0-1"]
[WhiteElo "2110"]
[BlackElo "2024"]
[PlyCount "62"]
[EventDate "2009.02.01"]
[EventType "swiss"]
[EventRounds "5"]
[EventCountry "GGB"]
[SourceTitle "BritBase"]
[Source "www.saund.co.uk"]
[SourceDate "2018.02.10"]
[SourceVersion "1"]
[SourceVersionDate "2018.02.10"]
[SourceQuality "1"]

1. d4 Nf6 2. c4 e6 3. Nf3 b6 4. a3 Bb7 5. Nc3 d5 6. cxd5 exd5 7. g3 Be7 8. Bg2
Nbd7 9. Bf4 Nh5 10. Be3 Nhf6 11. b4 a5 12. b5 Bd6 13. O-O O-O 14. Qb3 Qe7 15.
Nh4 Qe6 16. a4 h6 17. Rac1 g5 18. Nf3 Qf5 19. h4 Ng4 20. Bh3 gxh4 21. Nxh4 Qh5
22. Bxh6 Nxf2 23. Rxf2 Qxh6 24. Rcf1 Kh8 25. Bxd7 Bxg3 26. Nf5 Bxf2+ 27. Rxf2
Rg8+ 28. Rg2 Rxg2+ 29. Kxg2 Rg8+ 30. Kf2 Qf4+ 31. Ke1 Rg1# 0-1

[Event "Gibtelecom ChallWk2 7th"]
[Site "Gibraltar"]
[Date "2009.02.04"]
[Round "4.7"]
[White "Bryn, Askild"]
[Black "Navarro Perez, Manuel"]
[Result "1/2-1/2"]
[WhiteElo "2006"]
[BlackElo "2097"]
[PlyCount "122"]
[EventDate "2009.02.01"]
[EventType "swiss"]
[EventRounds "5"]
[EventCountry "GGB"]
[SourceTitle "BritBase"]
[Source "www.saund.co.uk"]
[SourceDate "2018.02.10"]
[SourceVersion "1"]
[SourceVersionDate "2018.02.10"]
[SourceQuality "1"]

1. e4 g6 2. Nf3 Bg7 3. d4 c6 4. Be3 d5 5. Nc3 Bg4 6. Be2 e6 7. Qd2 Bxf3 8. Bxf3
Nd7 9. O-O Nb6 10. b3 Nf6 11. e5 Nfd7 12. Bg5 Qc7 13. a4 a6 14. a5 Nc8 15. Na4
O-O 16. Rfc1 Re8 17. Be2 b5 18. axb6 Ncxb6 19. Nxb6 Qxb6 20. Be3 f6 21. f4 fxe5
22. dxe5 c5 23. Bf3 Bf8 24. c4 d4 25. Bxa8 dxe3 26. Qxd7 Rxa8 27. Qd3 Bh6 28.
Qxe3 Rf8 29. Rf1 Rf5 30. h4 Qb7 31. g3 Bg7 32. Rad1 h6 33. g4 Rf8 34. Kh2 Qe7
35. Kg3 Qc7 36. g5 hxg5 37. hxg5 Qe7 38. Rd6 Rf7 39. Rxa6 Bf8 40. Qe4 Rf5 41.
Qc6 Rxe5 42. fxe5 Qxg5+ 43. Kf2 Qd2+ 44. Kg1 Qe3+ 45. Rf2 Qc1+ 46. Kh2 Qh6+ 47.
Kg3 Qg5+ 48. Kf3 Qf5+ 49. Kg2 Qg5+ 50. Kh2 Qh6+ 51. Kg1 Qc1+ 52. Rf1 Qe3+ 53.
Rf2 Qc1+ 54. Kg2 Qg5+ 55. Kf3 Qf5+ 56. Kg2 Qg5+ 57. Kh2 Qf5 58. Kg2 Bh6 59. Kh1
Qg5 60. Rh2 Qh4 61. Kg2 Qe1 1/2-1/2

[Event "Gibtelecom ChallWk2 7th"]
[Site "Gibraltar"]
[Date "2009.02.04"]
[Round "4.8"]
[White "Pali, Gabor"]
[Black "Hamer, Martyn"]
[Result "1-0"]
[WhiteElo "2048"]
[BlackElo "2022"]
[PlyCount "65"]
[EventDate "2009.02.01"]
[EventType "swiss"]
[EventRounds "5"]
[EventCountry "GGB"]
[SourceTitle "BritBase"]
[Source "www.saund.co.uk"]
[SourceDate "2018.02.10"]
[SourceVersion "1"]
[SourceVersionDate "2018.02.10"]
[SourceQuality "1"]

1. d4 Nf6 2. c4 g6 3. Nc3 Bg7 4. e4 d6 5. f3 O-O 6. Be3 e5 7. d5 Nh5 8. Qd2 f5
9. Bg5 Qe8 10. g3 a5 11. Be2 Na6 12. O-O-O f4 13. g4 Nf6 14. Bh4 Bd7 15. Bf2
Nc5 16. Bxc5 dxc5 17. g5 Nh5 18. d6 c6 19. Na4 Rf7 20. Nxc5 b6 21. Nxd7 Rxd7
22. Bf1 Bf8 23. Qf2 c5 24. Bh3 Bxd6 25. Rxd6 Rxd6 26. Ne2 Qf7 27. Rd1 Qxc4+ 28.
Nc3 Rad8 29. Rd5 Qa6 30. Qd2 b5 31. Bf1 Ng7 32. Nxb5 Ne8 33. Bc4 1-0

[Event "Gibtelecom ChallWk2 7th"]
[Site "Gibraltar"]
[Date "2009.02.04"]
[Round "4.9"]
[White "Haug, Marianne Wold"]
[Black "Gandrud, Vegar Koi"]
[Result "1/2-1/2"]
[WhiteElo "1935"]
[BlackElo "2046"]
[PlyCount "119"]
[EventDate "2009.02.01"]
[EventType "swiss"]
[EventRounds "5"]
[EventCountry "GGB"]
[SourceTitle "BritBase"]
[Source "www.saund.co.uk"]
[SourceDate "2018.02.10"]
[SourceVersion "1"]
[SourceVersionDate "2018.02.10"]
[SourceQuality "1"]

1. e4 e5 2. Nf3 Nc6 3. Bb5 a6 4. Ba4 b5 5. Bb3 Na5 6. O-O d6 7. d4 Nxb3 8. axb3
f6 9. c4 Bb7 10. Re1 Ne7 11. Nc3 b4 12. Nd5 Nxd5 13. exd5 Be7 14. Bd2 a5 15.
Ra2 O-O 16. Qe2 Re8 17. Rea1 c6 18. dxc6 Bxc6 19. d5 Bb7 20. Ne1 f5 21. f3 Bf6
22. Be3 Qc7 23. Qf2 Bd8 24. Nd3 f4 25. Bd2 Qb8 26. Qe2 Bb6+ 27. Kh1 Qc7 28. Nf2
Rad8 29. Ne4 Bc8 30. Be1 Bf5 31. Bf2 Bxe4 32. Bxb6 Qxb6 33. Qxe4 Ra8 34. Qe1 e4
35. fxe4 Qd4 36. Qg1 Qxe4 37. Rxa5 Rxa5 38. Rxa5 Qe2 39. Ra1 Qxb2 40. Re1 Ra8
41. Rb1 Qf6 42. Qe1 f3 43. Qe6+ Qxe6 44. dxe6 fxg2+ 45. Kxg2 Ra2+ 46. Kg1 Re2
47. Ra1 Rxe6 48. Ra4 Re2 49. Rxb4 Kf7 50. Rb7+ Kf6 51. Rd7 Rd2 52. c5 Ke6 53.
Rxg7 dxc5 54. Rxh7 Rb2 55. Rh3 Kf5 56. Rc3 Kg4 57. Rg3+ Kf4 58. Rc3 Kg4 59.
Rg3+ Kf4 60. Rc3 1/2-1/2

[Event "Gibtelecom ChallWk2 7th"]
[Site "Gibraltar"]
[Date "2009.02.04"]
[Round "4.10"]
[White "Pendlebury, Ian G"]
[Black "Kandic, Milan"]
[Result "1/2-1/2"]
[WhiteElo "2016"]
[BlackElo "2208"]
[PlyCount "106"]
[EventDate "2009.02.01"]
[EventType "swiss"]
[EventRounds "5"]
[EventCountry "GGB"]
[SourceTitle "BritBase"]
[Source "www.saund.co.uk"]
[SourceDate "2018.02.10"]
[SourceVersion "1"]
[SourceVersionDate "2018.02.10"]
[SourceQuality "1"]

1. d4 d6 2. c4 Nf6 3. Nc3 Nbd7 4. e4 e5 5. d5 Be7 6. f3 O-O 7. Bd3 Nc5 8. Nge2
Nxd3+ 9. Qxd3 Nh5 10. g4 Bh4+ 11. Kd1 Nf6 12. Be3 Nd7 13. Ng3 g6 14. Rg1 a6 15.
Bh6 Nc5 16. Qd2 Bxg3 17. hxg3 Qf6 18. Qe3 Re8 19. Kc2 Bd7 20. Rh1 b5 21. b3
bxc4 22. bxc4 Ba4+ 23. Kd2 Rab8 24. Rab1 Rb6 25. Bg5 Qg7 26. Rxb6 cxb6 27. Nxa4
Nxa4 28. Qb3 b5 29. Qb4 f6 30. Be3 Qd7 31. cxb5 axb5 32. Rc1 Rd8 33. Rc6 Nc5
34. Qxb5 Qa7 35. Bxc5 Qxa2+ 36. Kd3 Qg2 37. Ke3 Ra8 38. Ra6 Rxa6 39. Qxa6 Qg1+
40. Ke2 Qxc5 41. Qa8+ Kg7 42. Qb7+ Kh6 43. Qc6 Qa3 44. Qc2 Qa1 45. Qc6 Qb2+ 46.
Ke3 Qa3+ 47. Ke2 Kg5 48. Qc7 Kh6 49. Qe7 Qb2+ 50. Kf1 Qc1+ 51. Ke2 Qc4+ 52. Ke3
Qc1+ 53. Ke2 Qc2+ 1/2-1/2

[Event "Gibtelecom ChallWk2 7th"]
[Site "Gibraltar"]
[Date "2009.02.04"]
[Round "4.11"]
[White "Lovik, Lasse Ostebo"]
[Black "Brown, Thomas"]
[Result "0-1"]
[WhiteElo "2184"]
[BlackElo "2027"]
[PlyCount "64"]
[EventDate "2009.02.01"]
[EventType "swiss"]
[EventRounds "5"]
[EventCountry "GGB"]
[SourceTitle "BritBase"]
[Source "www.saund.co.uk"]
[SourceDate "2018.02.10"]
[SourceVersion "1"]
[SourceVersionDate "2018.02.10"]
[SourceQuality "1"]

1. e4 c5 2. Nf3 d6 3. d4 cxd4 4. Nxd4 Nf6 5. Nc3 g6 6. Be3 Bg7 7. f3 O-O 8. Qd2
Nc6 9. O-O-O d5 10. exd5 Nxd5 11. Nxc6 bxc6 12. Bd4 Nxc3 13. Qxc3 Bh6+ 14. Be3
Bxe3+ 15. Qxe3 Qb6 16. Qxe7 Be6 17. Qa3 Rfd8 18. Bd3 Rd5 19. b3 Rad8 20. Rhe1
Bf5 21. Qa6 Rxd3 22. Rxd3 Qxa6 23. Rxd8+ Kg7 24. Kb2 c5 25. Red1 c4 26. R1d6
c3+ 27. Kxc3 Qxa2 28. Rd2 Bxc2 29. Rb8 Qa5+ 30. Rb4 Bf5 31. Rdd4 Qa2 32. Rbc4
Qxg2 0-1

[Event "Gibtelecom ChallWk2 7th"]
[Site "Gibraltar"]
[Date "2009.02.04"]
[Round "4.12"]
[White "Vea, Odin Blikra"]
[Black "Nisbet, Alex Ian"]
[Result "0-1"]
[WhiteElo "2169"]
[BlackElo "1975"]
[PlyCount "98"]
[EventDate "2009.02.01"]
[EventType "swiss"]
[EventRounds "5"]
[EventCountry "GGB"]
[SourceTitle "BritBase"]
[Source "www.saund.co.uk"]
[SourceDate "2018.02.10"]
[SourceVersion "1"]
[SourceVersionDate "2018.02.10"]
[SourceQuality "1"]

1. e4 d5 2. exd5 Nf6 3. d4 Nxd5 4. c4 Nf6 5. Nf3 Bg4 6. Be2 e6 7. O-O Nbd7 8.
h3 Bh5 9. Qb3 Rb8 10. Nc3 Be7 11. Bf4 a6 12. Rac1 O-O 13. Rfd1 Bd6 14. Be3 b5
15. cxb5 axb5 16. d5 b4 17. Na4 Nxd5 18. Bg5 Qc8 19. Rc6 h6 20. Bd2 Qd8 21. Qc2
Qf6 22. b3 Ra8 23. Bc1 Ne5 24. Nxe5 Qxe5 25. Bxh5 Qxh5 26. Rc4 Rfd8 27. Re1 Ra6
28. Rg4 Nf6 29. Rc4 Ra5 30. Bd2 Nd5 31. Qe4 Rb5 32. Rec1 Nf6 33. Qc6 Be5 34.
Bf4 Bxf4 35. Rxf4 Qe5 36. Rfc4 Rbd5 37. g3 Rd1+ 38. Rxd1 Rxd1+ 39. Kh2 Qe1 40.
Qg2 Rd2 41. Rf4 Nd5 42. Rf3 Rc2 43. h4 Nf6 44. Rf4 h5 45. Qa8+ Kh7 46. Qf3 Ng4+
47. Kg2 f5 48. Rxf5 Ne3+ 49. Kh2 Rc4 0-1

[Event "Gibtelecom ChallWk2 7th"]
[Site "Gibraltar"]
[Date "2009.02.04"]
[Round "4.13"]
[White "Cafolla, Peter"]
[Black "Perez Aleman, Pedro Tomas"]
[Result "0-1"]
[WhiteElo "2013"]
[BlackElo "2160"]
[PlyCount "60"]
[EventDate "2009.02.01"]
[EventType "swiss"]
[EventRounds "5"]
[EventCountry "GGB"]
[SourceTitle "BritBase"]
[Source "www.saund.co.uk"]
[SourceDate "2018.02.10"]
[SourceVersion "1"]
[SourceVersionDate "2018.02.10"]
[SourceQuality "1"]

1. d4 Nf6 2. c4 g6 3. Nc3 Bg7 4. e4 d6 5. Nf3 Bg4 6. Be2 O-O 7. O-O Nfd7 8. h3
Bxf3 9. Bxf3 Nc6 10. Be3 e5 11. d5 Ne7 12. Qd2 f5 13. g3 f4 14. gxf4 exf4 15.
Bd4 Bxd4 16. Qxd4 Ne5 17. Bg4 f3 18. Be6+ Kh8 19. Kh2 Ng8 20. Rg1 Nh6 21. c5
Rf4 22. Rg3 Qh4 23. cxd6 cxd6 24. Nb5 Rxe4 25. Qc3 Rc4 26. Qe1 Rc2 27. Nxd6 Nd3
28. Qg1 Nxf2 29. Rxf3 Nxh3+ 30. Qg2 Nf4+ 0-1

[Event "Gibtelecom ChallWk2 7th"]
[Site "Gibraltar"]
[Date "2009.02.04"]
[Round "4.14"]
[White "Almond, Richard J"]
[Black "Demac, Elias"]
[Result "1/2-1/2"]
[WhiteElo "2126"]
[BlackElo "1993"]
[PlyCount "44"]
[EventDate "2009.02.01"]
[EventType "swiss"]
[EventRounds "5"]
[EventCountry "GGB"]
[SourceTitle "BritBase"]
[Source "www.saund.co.uk"]
[SourceDate "2018.02.10"]
[SourceVersion "1"]
[SourceVersionDate "2018.02.10"]
[SourceQuality "1"]

1. d4 Nf6 2. c4 g6 3. Nf3 Bg7 4. Nc3 O-O 5. e4 d6 6. Be2 e5 7. O-O Nc6 8. d5
Ne7 9. Ne1 Nd7 10. f3 f5 11. g4 Kh8 12. h4 Nf6 13. Nd3 c6 14. Be3 b5 15. Nb4 c5
16. Nc6 Nxc6 17. dxc6 b4 18. Nb5 Ne8 19. Bxc5 Qxh4 20. Nxd6 Qg3+ 21. Kh1 Qh3+
22. Kg1 Qg3+ 1/2-1/2

[Event "Gibtelecom ChallWk2 7th"]
[Site "Gibraltar"]
[Date "2009.02.04"]
[Round "4.15"]
[White "Toll, Alec J"]
[Black "Loberg, Jo Kristian"]
[Result "1-0"]
[WhiteElo "2091"]
[BlackElo "1923"]
[PlyCount "81"]
[EventDate "2009.02.01"]
[EventType "swiss"]
[EventRounds "5"]
[EventCountry "GGB"]
[SourceTitle "BritBase"]
[Source "www.saund.co.uk"]
[SourceDate "2018.02.10"]
[SourceVersion "1"]
[SourceVersionDate "2018.02.10"]
[SourceQuality "1"]

1. d4 g6 2. g3 Bg7 3. Nf3 Nf6 4. Bg2 O-O 5. O-O d5 6. c4 dxc4 7. Nc3 e6 8. e4
Nbd7 9. Qe2 Nb6 10. Rd1 Re8 11. h3 Bd7 12. Ne5 Bc6 13. Bg5 h6 14. Bxf6 Qxf6 15.
Nxc6 bxc6 16. e5 Qf5 17. Bxc6 Qxh3 18. Qf3 Red8 19. Bxa8 Nxa8 20. d5 Nb6 21.
dxe6 Rxd1+ 22. Rxd1 Qxe6 23. Re1 c6 24. Qe3 Bf8 25. a3 Nd7 26. Kg2 Kg7 27. Qxa7
Bc5 28. Qc7 Qf5 29. Re2 Bd4 30. e6 Ne5 31. f4 Qd3 32. fxe5 Bxc3 33. Qxf7+ Kh8
34. Qf8+ Kh7 35. Rf2 Qd5+ 36. Kh2 g5 37. Qf7+ Kh8 38. Qe8+ Kg7 39. Rf7+ Kg6 40.
Rf8+ Kg7 41. Qf7# 1-0